000 00646cam a22002291i 4500
001 he 66000680
003 DLC
005 20260227111437.0
008 860806s1955 ag c 000 0 yid
010 _ahe 66000680
035 _a(OCoLC)19307769
040 _aDLC
_cMH
_dCU
_dDLC
042 _apremarc
050 0 0 _aPJ5129.L4
_bA62
100 1 _aLeivick, H.,
_d1888-1962.
245 1 2 _aA blaṭ oyf an eplboym.
260 _aBuenos Ayres :
_b[Ḳiem],
_c715, 1955.
300 _a370 p. :
_bport. ;
_c23 cm.
500 _aAdded t.p.: A blat oif an eplboim. Hoja de manzano.
740 0 _aHoja de manzano.
752 _aArgentina
_dBuenos Aires
999 _c31657
_d31657